Introduction to C# using .NET

Αποθηκεύτηκε σε:
Λεπτομέρειες βιβλιογραφικής εγγραφής
Κύριος συγγραφέας: Không rõ
Μορφή: Βιβλίο
Γλώσσα:Vietnamese
Έκδοση: NOTNXB 2002
Ετικέτες: Προσθήκη ετικέτας
Δεν υπάρχουν, Καταχωρήστε ετικέτα πρώτοι!
Thư viện lưu trữ: Mạng thư viện Đại học Đà Nẵng
LEADER 00576nam a2200265 4500
001 000026309
003 297
005 20150204120000.0
008 150204s vm 000 vie
020 |c 0,0000 
040 |a D7 
100 |a Không rõ 
245 |a Introduction to C# using .NET 
260 |b NOTNXB  |c 2002 
OWN |a LTT 
999 |a From the UDN01 
TYP |a Monograph 
TYP |a Printed language 
980 |a Mạng thư viện Đại học Đà Nẵng